Σύνταγμα των θείων και ιερών κανόνων των τε αγίων και πανευφήμων αποστόλων και των ιερών οικομενικών και τοπικών συνόδων, και των κατά μέρος αγίων πατέρων

Αποθηκεύτηκε σε:
Λεπτομέρειες βιβλιογραφικής εγγραφής
Κύριος συγγραφέας: Ράλλης, Γ. Α. (Γεώργιος Αλεξάνδρου), 1805-1883
Άλλοι συγγραφείς: Πότλης, Μ.
Μορφή: Βιβλίο
Γλώσσα:Greek
Δημοσίευση: Αθήνα : Γρηγόρης, 1966
Θέματα:
Ετικέτες: Προσθήκη ετικέτας
Δεν υπάρχουν, Καταχωρήστε ετικέτα πρώτοι!

MARC

LEADER 00000nam a2200000 i 4500
001 1/14443
008 980512r19921852 gre d
020 |a 960-333-031-0 
035 |l 10019422 
040 |a GR-MY-UA  |b gre  |e aacr 
041 0 |a gre 
082 0 |a 262.9819 
100 1 |a Ράλλης, Γ. Α.   |q (Γεώργιος Αλεξάνδρου),   |d 1805-1883. 
245 1 0 |a Σύνταγμα των θείων και ιερών κανόνων των τε αγίων και πανευφήμων αποστόλων και των ιερών οικομενικών και τοπικών συνόδων, και των κατά μέρος αγίων πατέρων /  |c εκδοθέν, συν πλείσταις άλλαις την εκκλησιαστικήν κατάστασιν διεπούσαις διατάξεσι, μετά των αρχαίων εξηγητών, και διαφόρων αναγνωσμάτων, υπό Γ. Α. Ράλλη και Μ. Πότλη 
260 |a Αθήνα :   |b Γρηγόρης,   |c 1966 
300 |a 6 τ. 
500 |a Φωτοτυπική ανατύπωση από: Αθήνησιν : Εκ της Τυπογραφίας Γ. Χαρτοφύλακος, 1852 
650 0 0 |a Canon law  |x Orthodox Eastern Church. 
650 0 0 |a Ecclesiastical law. 
700 1 |a Πότλης, Μ. 
852 |a INST  |b LESVOS  |e 19980512  |h 262.9819 ΡΑΛ  |p 005100023214  |q 005100023214  |t BK  |y 0  |z τ.1 
852 |a INST  |b LESVOS  |e 20000926  |h 262.9819 ΡΑΛ  |p 005100025527  |q 005100025527  |t BK  |y 0  |z τ.6 
852 |a INST  |b LESVOS  |e 20000926  |h 262.9819 ΡΑΛ  |p 005100025528  |q 005100025528  |t BK  |y 0  |z τ.5 
852 |a INST  |b LESVOS  |e 20000926  |h 262.9819 ΡΑΛ  |p 005100025529  |q 005100025529  |t BK  |y 0  |z τ.4 
852 |a INST  |b LESVOS  |e 20000926  |h 262.9819 ΡΑΛ  |p 005100025530  |q 005100025530  |t BK  |y 0  |z τ.3 
852 |a INST  |b LESVOS  |e 20000926  |h 262.9819 ΡΑΛ  |p 005100025531  |q 005100025531  |t BK  |y 0  |z τ.2 
852 |a INST  |b LESVOS  |e 19980512  |h 262.9819 ΡΑΛ  |p 005100023214  |q 005100023214  |t BK  |v τ.1:  |y 0  |z τ.1 
852 |a INST  |b LESVOS  |e 20000926  |h 262.9819 ΡΑΛ  |p 005100025527  |q 005100025527  |t BK  |v τ.6:  |y 0  |z τ.6 
852 |a INST  |b LESVOS  |e 20000926  |h 262.9819 ΡΑΛ  |p 005100025528  |q 005100025528  |t BK  |v τ.5:  |y 0  |z τ.5 
852 |a INST  |b LESVOS  |e 20000926  |h 262.9819 ΡΑΛ  |p 005100025529  |q 005100025529  |t BK  |v τ.4:  |y 0  |z τ.4 
852 |a INST  |b LESVOS  |e 20000926  |h 262.9819 ΡΑΛ  |p 005100025530  |q 005100025530  |t BK  |v τ.3:  |y 0  |z τ.3 
852 |a INST  |b LESVOS  |e 20000926  |h 262.9819 ΡΑΛ  |p 005100025531  |q 005100025531  |t BK  |v τ.2:  |y 0  |z τ.2 
853 |a INST  |b LESVOS  |h 262.9819 ΡΑΛ 
901 |a BIBL1-2000-2 
909 |a Λ  |b 055758 
909 |a Λ  |b 055759 
909 |a Λ  |b 055760 
909 |a Λ  |b 055761 
909 |a Λ  |b 055762 
909 |a Λ  |b 055763 
922 |a 1ΕΛΗ  |b 199804  |c ΚΠΣ/ΤΚΑ  |d EMVASIS 
950 |a 117-1998-01-28 
970 |z 2000/08/ELIDOC